000 00402cam a2200157ua 4500
041 _aeng
_h
082 _a828.09
_bSPU/SH
100 _aSpurgeon, Caroline .
245 _aShakespeare`s imagery /
_cCaroline Spurgeon.
_hTextual Documents
250 _a1 /
_b.
260 _aCambridge :
_bCambridge University Press ,
_c1966.
300 _a408 ; .
504 _a
942 _cBK
999 _c6530
_d6530